| 000 | 00865nam a22001817a 4500 | ||
|---|---|---|---|
| 008 | 110818t1992 xxu||||g |||| 000 0 ara d | ||
| 082 |
_222 _a218 _bت ر ا |
||
| 100 |
_926793 _aالترابى،حسن |
||
| 245 |
_aالحركة الاسلامية فى السودان: _bالتطور و الكسب و المنهج/ _cحسن الترابى |
||
| 260 |
_aالخرطوم: _bمعهد البحوث و الدراسات الإجتماعية،1992. _c1992. |
||
| 300 |
_a312ص، _c24سم. |
||
| 650 |
_917444 _aالحركات الفكرية عند المسلمين |
||
| 650 |
_926791 _a الفرق الإسلامية _zالسودان |
||
| 650 |
_926792 _aالاسلام و السياسة |
||
| 653 |
_bGeneral _cAugust2011 |
||
| 942 |
_2ddc _cBB |
||
| 999 |
_c15868 _d15868 |
||